| 000 | 00399nam a22001577a 4500 | ||
|---|---|---|---|
| 020 | _a97881908503163 | ||
| 082 |
_aH200 7 _bYAD/B |
||
| 100 | _aYadram Meena | ||
| 245 |
_aBhavbhooti aur jeevan mulaya/ _cby Yadram Meena |
||
| 260 |
_aJodhpur: _bSiddharth Enterprises, _c2012. |
||
| 300 | _a240p. | ||
| 650 | _aDrama Hindi Study | ||
| 650 | _aLiterature Hindi | ||
| 650 | _aLiterature | ||
| 942 | _cBK | ||
| 999 |
_c60460 _d60460 |
||